Design of Control System for Quadcopter / (Record no. 566066)

000 -LEADER
fixed length control field 00690nam a22001817a 4500
020 ## - INTERNATIONAL STANDARD BOOK NUMBER
Qualifying information Hard Cover.
082 ## - DEWEY DECIMAL CLASSIFICATION NUMBER
Classification number BEE-5 YAS
100 ## - MAIN ENTRY--PERSONAL NAME
Personal name Muhammad Yasir Khan : Muhammad Qumar Zaman Tufail and Adeel Bhatti.
245 ## - TITLE STATEMENT
Title Design of Control System for Quadcopter /
Statement of responsibility, etc. Muhammad Khan, Yasir : Muhammad Tufail, Qumar Zaman and Bhatti, Adeel
260 ## - PUBLICATION, DISTRIBUTION, ETC.
Place of publication, distribution, etc. Islamabad:
Name of publisher, distributor, etc. SEECS NUST,
Date of publication, distribution, etc. 2012.
300 ## - PHYSICAL DESCRIPTION
Extent 96 p. :
Other physical details ill. ;
Dimensions 30cm.
563 ## - BINDING INFORMATION
Binding note HBK
650 ## - SUBJECT ADDED ENTRY--TOPICAL TERM
Topical term or geographic name entry element Bachelors in Electrical Electronics Engineering.
700 ## - ADDED ENTRY--PERSONAL NAME
Personal name Mr. Abid Mushtaq
856 ## - Uniform Resource Identifier
Uniform Resource Identifier <a href="http://10.250.8.41:8080/xmlui/handle/123456789/11539">http://10.250.8.41:8080/xmlui/handle/123456789/11539</a>
942 ## - ADDED ENTRY ELEMENTS (KOHA)
Source of classification or shelving scheme
Koha item type Project Report
650 ## - SUBJECT ADDED ENTRY--TOPICAL TERM
-- 55200
Holdings
Withdrawn status Lost status Source of classification or shelving scheme Damaged status Not for loan Permanent Location Current Location Shelving location Date acquired Full call number Barcode Date last seen Price effective from Koha item type
WITHDRAWN         Central Library (CL) Central Library (CL) Thesis 05/19/2021 BEE-5 YAS SEECSP01105 05/19/2021 05/19/2021 Project Report
© 2023 Central Library, National University of Sciences and Technology. All Rights Reserved.